Sepasang pendkar djelita ; (Record no. 58128)

MARC details
000 -LEADER
fixed length control field 00541cam a22001931i 4500
001 - CONTROL NUMBER
control field sa 64003796
003 - CONTROL NUMBER IDENTIFIER
control field DLC
005 - DATE AND TIME OF LATEST TRANSACTION
control field 20260227112020.0
008 - FIXED-LENGTH DATA ELEMENTS--GENERAL INFORMATION
fixed length control field 830411s1963 io 000 0 ind
010 ## - LIBRARY OF CONGRESS CONTROL NUMBER
LC control number sa 64003796
035 ## - SYSTEM CONTROL NUMBER
System control number (OCoLC)9397083
040 ## - CATALOGING SOURCE
Original cataloging agency DLC
Transcribing agency OAU
Modifying agency DLC
042 ## - AUTHENTICATION CODE
Authentication code premarc
050 00 - LIBRARY OF CONGRESS CALL NUMBER
Classification number PL5089.A1
Item number S45
245 00 - TITLE STATEMENT
Title Sepasang pendkar djelita ;
Remainder of title (Tjeng hiap siang tju) /
Statement of responsibility, etc. saduran O. P. A.
260 ## - PUBLICATION, DISTRIBUTION, ETC.
Place of publication, distribution, etc. Djakarta :
Name of publisher, distributor, etc. Marga Raya,
Date of publication, distribution, etc. [cover 1963]
300 ## - PHYSICAL DESCRIPTION
Extent 10 pts. in 2 v. (639 p.) ;
Dimensions 16 cm.
700 1# - ADDED ENTRY--PERSONAL NAME
Personal name A., O. P.

No items available.

Powered by Koha